000
00306nam a2200133Ia 4500
008
150201s2009 xx 000 0 und d
082
_a
616.8
_b
E09N
100
_a
N,KUMAR
245
_a
ESSENTIALS OF PSYCHIATRY
250
_a
1ST
260
_b
AITBS
_a
DELHI
_c
2009
650
_a
PSYCHIATRY
942
_2
ddc
_c
BK
_0
2
999
_c
625
_d
625